000
00354nam a2200157Ia 4500
008
210716s2009 xx 000 0 und d
020
_a
9788130910895
041
_a
eng
082
_a
657.40681 FINA
100
_a
Finance
245
_a
Finance.
250
_a
1
260
_a
New Delhi
_b
Viva Books
_c
2009
300
_a
857
650
_a
Accounting(657)
999
_c
205357
_d
205357